• 首页
  • 本馆介绍
  • 公告通知
  • 最新文献
  • 馆藏检索
  • 电子资源
  • 读者导购
  • 参考咨询
  • 我的图书馆
  • 登录
  • 详细信息显示
  • 放入我的书架
  • 预约/预借图书
  • 作者相关作品
  • 分类相关作品
  • 丛书相关作品
  • 出版社相关作品

书目信息

  • 表格格式
  • 工作单格式
  • 卡片格式
题名:
MATLAB R2016a神经网络设计应用27例
    
 
作者: 顾艳春 编著
分册:  
出版信息: 北京   电子工业出版社  2018
页数: xi, 456页
开本: 26cm
丛书名: MATLAB仿真应用精品丛书
单 册:
中图分类: TP183
科图分类:
主题词: Matlab软件--Matlabruan jian--应用--神经网络
电子资源:
ISBN: 978-7-121-33329-3
000 01299nam 2200301 450
001 012001000919
005 20131107085646.0
010    @a978-7-121-33329-3@dCNY69.00
092    @aCN@b三新科技1201-0316
099    @aCAL 012018026514
100    @a20180322d2018 em y0chiy50 ea
101 0  @achi
102    @aCN@b110000
105    @aak a 000yy
106    @ar
200 1  @aMATLAB R2016a神经网络设计应用27例@AMATLAB R2016ashen jing wang luo she ji ying yong 27li@f顾艳春编著
210    @a北京@c电子工业出版社@d2018
215    @axi, 456页@c图@d26cm
225 2  @aMATLAB仿真应用精品丛书@AMATLABfang zhen ying yong jing pin cong shu
320    @a有书目 (第456页)
330    @a本书以MATLABR2016a为平台, 通过专业技术与大量典型实例相结合, 介绍了各种典型网络的训练过程和实际应用。全书共分27个案例, 从实用角度出发, 详尽地讲述感知器网络、线性神经网络、径向基神经网络、BP神经网络、反馈神经网络及自组织神经网络等内容, 扩展介绍神经网络在其他工程领域的实际应用。
333    @a本书可作为科研人员及工程技术人员的参考用书, 也可作为本科生和研究生的学习用书
410  0 @12001 @aMATLAB仿真应用精品丛书
606 0  @aMatlab软件@AMatlabruan jian@x应用@x神经网络
690    @aTP183@v5
701  0 @a顾艳春@Agu yan chun@4编著
801  0 @aCN@b北京卓展文化@c20191020
905    @b1197168-9@dTP183@e174@f2
    
    MATLAB R2016a神经网络设计应用27例/顾艳春编著.-北京:电子工业出版社,2018
    xi, 456页:图;26cm.-(MATLAB仿真应用精品丛书)
    使用对象:本书可作为科研人员及工程技术人员的参考用书, 也可作为本科生和研究生的学习用书
    
    ISBN 978-7-121-33329-3:CNY69.00
    本书以MATLABR2016a为平台, 通过专业技术与大量典型实例相结合, 介绍了各种典型网络的训练过程和实际应用。全书共分27个案例, 从实用角度出发, 详尽地讲述感知器网络、线性神经网络、径向基神经网络、BP神经网络、反馈神经网络及自组织神经网络等内容, 扩展介绍神经网络在其他工程领域的实际应用。
●
相关链接 在E读中查询图书 在五车中查询图书 在当当中查询图书 在豆瓣中查询图书


正题名:MATLAB R2016a神经网络设计应用27例     索取号:TP183/174         预约/预借

序号 登录号 条形码 馆藏地/架位号 状态 备注
1 1197168   211971687   第二样本阅览室/ [索取号:TP183/174] 在馆    
2 1197169   211971696   第三借阅区/ [索取号:TP183/174] 在馆    
唐山师范学院图书馆 欢迎您!
大连网信软件有限公司© 版权所有